El evangelio según San Lucas
Guardat en:
| Autor principal: | |
|---|---|
| Format: | Llibre |
| Idioma: | espanyol |
| Publicat: |
Barcelona
Herder
1970
|
| Col·lecció: | El Nuevo Testamento y su Mensaje, 3
|
| Matèries: | |
| Etiquetes: |
Afegir etiqueta
Sense etiquetes, Sigues el primer a etiquetar aquest registre!
|
MARC
| LEADER | 00000nam a2200000 a 4500 | ||
|---|---|---|---|
| 001 | UCL1701 | ||
| 003 | CL-VaPUC | ||
| 008 | 030926e19700000SP |||||||||||||||||spa|d | ||
| 082 | 0 | 4 | |a 226.4 |b STO |2 21 |
| 100 | 0 | |a Stöger, Alois |e author |9 478524 | |
| 245 | 1 | 3 | |a El evangelio según San Lucas |
| 300 | |a v | ||
| 942 | |c BK | ||
| 945 | |d 20030926 00:00:00 |a rbrito | ||
| 260 | |a Barcelona |b Herder |c 1970 | ||
| 600 | 0 | 7 | |a SAN LUCAS |2 CL-VaPUC |9 368585 |
| 650 | 0 | |a Evangelios |9 314864 | |
| 583 | |a last modification |c 20030926 00:00:00 |k Rodrigo Vera | ||
| 490 | 0 | |a El Nuevo Testamento y su Mensaje, 3 | |
| 999 | |c 305142 |d 305140 | ||
| 952 | |0 0 |1 0 |4 0 |6 226_400000000000000_STO_1970 |7 0 |8 A |9 368229 |a BIBTEO |b BIBTEO |d 2019-11-21 |h v.2 |i 2081369 |o 226.4 STO 1970 |p 2081369 |r 2025-01-17 |w 2019-11-21 |y BK |k ICR | ||